000 00553nam a2200193Ia 4500
005 20250326141116.0
008 250326s9999 xx 000 0 und d
020 _a0-87389-349-2
037 _aTextbook
040 _aFMSL
_beng
_cFMSL
041 _aeng
_2eng
084 _aX:89Q8 N6
_qFMSL
100 _aBraithwaite T
_9743723
245 0 _aPower of IT: maximizing your technology investment
_cBraithwaite T
260 _aBoston
_bBoston, ASQC Quality
_c1996
300 _a161p
942 _cTB
_hX:89Q8 N6
999 _c1288738
_d1288738